| 000 | 00453cam a2200169ua 4500 | ||
|---|---|---|---|
| 003 | OSt | ||
| 008 | 250106b |||||||| |||| 00| 0 eng d | ||
| 020 | _a0 07 099208 8 | ||
| 041 | _aeng | ||
| 082 |
_a621.3815 _bALL/EL |
||
| 100 |
_aAllison, John . _96805 |
||
| 245 | _aElectronic engineering materials and devices / | ||
| 250 | _a1 / | ||
| 260 |
_aNew Delhi : _bTata Mc-Graw Hill Publishing Company , _c1988. |
||
| 300 | _a302 ; . | ||
| 942 | _cBK | ||
| 999 |
_c9017 _d9017 |
||